000 00542nam a2200181Ia 4500
003 GCL
008 140319s9999 xx 000 0 ara d
040 _aGCL /
_cGCL
082 0 4 _a882
_bم د
100 1 _aمحمد صقر خفاجة
245 1 0 _aدراسات فى المسرحية اليونانية /
_cمحمد صقر خفاجة
300 _a159 ص
490 _aكتاب
_v0
650 0 4 _aالادب اليونانى
650 0 4 _aالمسرح اليونانى
650 0 4 _aالمسرحيات اليونانية
942 _2ddc
_cBK
999 _c41618
_d41618